书目信息 |
| 题名: |
恩格斯传
|
|
| 作者: | 肖灼基 编著 | |
| 分册: | ||
| 出版信息: | 郑州 河南人民出版社 1985 |
|
| 页数: | 595页 | |
| 开本: | 19cm | |
| 丛书名: | ||
| 单 册: | ||
| 中图分类: | A721 | |
| 科图分类: | ||
| 主题词: | ||
| 电子资源: | ||
| ISBN: | ||
| 000 | 00566nam0 2200217 45 | |
| 001 | 1570801461 | |
| 005 | 20150125194255.93 | |
| 010 | @dCNY3.35 | |
| 100 | @a19951004d1985 emky0chiy0121 ea | |
| 101 | 0 | @achi |
| 102 | @aCN@b410000 | |
| 105 | @ac z 000yb | |
| 200 | 10 | @a恩格斯传@Aen ge si zhuan@e1820~1895@f肖灼基编著 |
| 210 | @a郑州@c河南人民出版社@d1985 | |
| 215 | @a595页@c肖像@d19cm | |
| 600 | 1 | @a恩格斯@bF.@x传记 |
| 690 | @aA721@v3 | |
| 701 | 0 | @a肖灼基@Axiao zhuo ji@4编著 |
| 801 | 0 | @aCN@bTSSF@c20150125 |
| 801 | 2 | @aCN@bNLC |
| 905 | @aZUCC@dA721@eJY1 | |
| 恩格斯传:1820~1895/肖灼基编著.-郑州:河南人民出版社,1985 |
| 595页:肖像;19cm |
| ISBN :CNY3.35 |
| ● |
| 相关链接 |
|
|
|
|
正题名:恩格斯传
索取号:A721/JY1
 
预约/预借
| 序号 | 登录号 | 条形码 | 馆藏地/架位号 | 状态 | 备注 |
| 1 | 7844814 | 278448146 | 学院路分馆/ [索取号:A721/JY1] | 在馆 |